000 00488nam a2200181Ia 4500
005 20250326124111.0
008 250326s9999 xx 000 0 und d
037 _aTextbook
040 _aFMSL
_beng
_cFMSL
041 _aeng
_2eng
084 _aX:5 K1;1
_qFMSL
100 _aBalassa B
_9736757
245 0 _aTheory of economic integration
_cBalassa B
260 _aUSA
_bUSA, Richard D Irwin
_c1961
300 _a302p
942 _cTB
_hX:5 K1;1
999 _c1272281
_d1272281